000
00207 a2200097 4500
001
3971
100
_a
Shahane,P
245
_a
S/P in F.E & B.Sc mathematics
260
_a
_b
Engg book
_c
090
_c
3200
_d
3200
942
_a
NUST-CAE
_c
M
_c
24448
999
_c
239044
_d
239044